000 00736nam a2200241 a 4500
001 66120
003 BD-RjUL
005 20211209081513.0
008 170314s1967 enkab b 001 0 eng
035 _a(BD-RjUL)66250
040 _aDLC
_cDLC
_dDLC
_dBD-RjUL
_beng
041 _aeng
082 0 0 _a581.76
_223
_bSCB 1967
100 1 _aSculthorpe, C. D.
_q(Cyril Duncan)
_9195614
245 1 4 _aThe biology of aquatic vascular plants /
_c[by] C. D. Sculthorpe.
260 _aLondon :
_bEdward Arnold,
_cc1967 [reprint 1971]
300 _axviii, 610 p. ;
_bill, ;
_c23 cm.
500 _aInclude index
504 _aBibliography: p. [523]-580.
650 0 _aAquatic plants.
_9195615
740 _aAquatic vascular plants.
942 _2ddc
_cBK
999 _c66120
_d66120